000 00471nam a2200181Ia 4500
005 20250423094230.0
008 250422s9999 xx 000 0 und d
020 _a9781042346428
050 _aHF 5635 .G55/
100 _aGilChrist, Alasdair
245 2 _aA concise Guide to Management Accounting
260 _aNew York
260 _bRoutledge
260 _c2023
300 _aix, 347p.: ill.
650 _aManagerial accounting. Cost accounting.
942 _cBK
999 _c26659
_d26659